| 000 | 00381nam a2200157Ia 4500 | ||
|---|---|---|---|
| 003 | OSt | ||
| 005 | 20240330110345.0 | ||
| 008 | 170524s9999 xx 000 0 und d | ||
| 020 | _a978-9353674779 | ||
| 040 | _cIIMT UNIVERSITY | ||
| 100 | _aCherunilam | ||
| 100 | _c2006 | ||
| 245 | 0 | _aINTERNATIONAL TRADS AND EXPORT MANAGEMENT | |
| 260 | _aHIMALAYA PUBLICATION | ||
| 942 |
_2ddc _c02 |
||
| 999 |
_c2323 _d2323 |
||